000 00891nam a22003017a 4500
001 BR8803482
003 BR-BrBNA
005 20230928092930.0
007 ta
008 230509b bl.||||| |||| 00| 0 por d
040 _aBR-BrBNA
_bpor
_cBiblioteca Nacional de Agricultura
041 _a(Por)
072 _aF01; E16; E21
_b0510
_b/G514
090 _ 0510 BR8803482
110 1 _aFederacao da Agricultura do Estado da Bahia, Salvador (Brasil)
_94557
111 1 _a5. Convencao Regional do Sisal
_cSalvador, BA (Brazil)
_d6-8 Jun 1978
245 1 _a5. Convencao Regional do Sisal
260 3 _aSalvador, BA (Brasil):
_c1978.
300 _a71 p.
650 _aSISAL
650 _aECONOMIA AGRICOLA
650 _aESTATISTICA DE PRODUCAO
650 _aINTRODUCAO DE PLANTA
650 _aINDUSTRIALIZACAO
650 _aBAHIA
909 _a202309
_bLucia
_c55
_dLucia Elande
942 _cBK
999 _c42058
_d42058